000 00433nam a2200181 a 4500
001 13618
003 CO-ViMGA
008 141112s2004 ck r 000 u spa d
020 _a8481560030
040 _aCO-ViMGA
_bspa
_cCO-ViMGA
082 0 4 _a927 C736v
100 1 _aCrepaldi, Gabriele
_919851
245 1 0 _aVan Gogh
260 _aMadrid :
_bElecta,
_c1994
300 _a63
650 1 4 _aVAN GOGH, VINCENT
_919852
942 _2ddc
_cBK
999 _c24342
_d24342